书目信息 |
| 题名: |
海珍品加工理论与技术的研究
|
|
| 作者: | 朱蓓薇 著 | |
| 分册: | ||
| 出版信息: | 北京 科学出版社 2010 |
|
| 页数: | 16,295页 | |
| 开本: | 26cm | |
| 丛书名: | ||
| 单 册: | ||
| 中图分类: | TS254.5 | |
| 科图分类: | ||
| 主题词: | 海产品--食品加工 , 海产品 , 食品加工 | |
| 电子资源: | ||
| ISBN: | 978-7-03-029458-6 | |
| 000 | 01103nam0 2200277 45 | |
| 001 | 1355397171 | |
| 005 | 20130513111009.20 | |
| 010 | @a978-7-03-029458-6@b精装@dCNY59.00 | |
| 100 | @a20130108d2010 em y0chiy50 ea | |
| 101 | 0 | @achi@eeng |
| 102 | @aCN@b110000 | |
| 105 | @aa z 000yy | |
| 106 | @ar | |
| 200 | 1 | @a海珍品加工理论与技术的研究@AHai Zhen Pin Jia Gong Li Lun Yu Ji Shu De Yan Jiu@dResearch on theory and technology of precious seafood processing@f朱蓓薇著@FZhu Bei Wei Zhu@zeng |
| 210 | @a北京@c科学出版社@d2010 | |
| 215 | @a16,295页@c图, 彩图@d26cm | |
| 300 | @a中国科学院科学出版基金资助出版 | |
| 330 | @a本书系统地介绍了我国沿海5种重要的海珍吕——海参、海胆、鲍鱼、扇贝及牡蛎的加工理论与技术的研究进展和最新成果,内容包括原料的概述、营养成分及其功能、加工特性及质构控制等。 | |
| 510 | 1 | @aResearch on theory and technology of precious seafood processing@zeng |
| 606 | 0 | @a海产品@x食品加工 |
| 606 | 0 | @a海产品 |
| 606 | 0 | @a食品加工 |
| 690 | @aTS254.5@v5 | |
| 701 | 0 | @a朱蓓薇@AZhu Bei Wei@4著 |
| 801 | @aCN@bTANGWEI@c20130109 | |
| 905 | @b0830965-67@dTS254.5@e149@f3 | |
| 海珍品加工理论与技术的研究=Research on theory and technology of precious seafood processing/朱蓓薇著.-北京:科学出版社,2010 |
| 16,295页:图, 彩图;26cm |
| 中国科学院科学出版基金资助出版 |
| ISBN 978-7-03-029458-6(精装):CNY59.00 |
| 本书系统地介绍了我国沿海5种重要的海珍吕——海参、海胆、鲍鱼、扇贝及牡蛎的加工理论与技术的研究进展和最新成果,内容包括原料的概述、营养成分及其功能、加工特性及质构控制等。 |
| ● |
| 相关链接 |
|
|
|
|
正题名:海珍品加工理论与技术的研究
索取号:TS254.5/149
 
预约/预借
| 序号 | 登录号 | 条形码 | 馆藏地/架位号 | 状态 | 备注 |
| 1 | 0830965 | 208309659 | 第二样本阅览室/ [索取号:TS254.5/149] | 在馆 | |
| 2 | 0830966 | 208309668 | 第三借阅区/ [索取号:TS254.5/149] | 在馆 | |
| 3 | 0830967 | 208309677 | 第三借阅区/ [索取号:TS254.5/149] | 在馆 |